01573nam a2200337 i 4500003000900000005001700009007000300026008004100029020001800070040003000088041000800118082001900126100005400145245009500199250002200294264004900316300002600365336002700391337003300418338002800451500006400479520015600543590002700699700004400726910001400770942001400784952013600798952014200934952014201076999001701218DO-SdBNP20250825102620.0ta250825t2025 dr 000 0 spa d z9789945949896 aDO-SdBNPbspacBNPHUerda aspa axxxxbR6962221 aRodríguez, Noelby Joel1983-eautor4aut.98848510aCaminando bajo la autoridad de Dios /cNoelby Joel Rodríguez ; prólogo, Osvaldo Torres aPrimera edición 1aSanto Domingo :bPublicaciones GenTv,c2025. a104 páginasc22 cm. atextobtxt2rdacontent asin mediaciónbn2rdamedia avolumenbnc2rdacarrier aIncluye datos biográficos del autor en la contracubierta. aTrata sobre la superación de una persona cuando se pone en las manos de Dios, un testimonio de cómo Dios puede exaltar a aquel que busca su rostro. aInventariado, 2025/ YL1 aTorres, Osvaldoeprologuista4pr988533 aYLockward 2ddccLBS1 00102ddc51708PDaBNPHUbBNPHUcCTd2025-06-12eDepósito Legall0oBNPHU PD xxxx R696p2025-8757r2025-08-25w2025-08-25yLBS1 00102ddc51708PDaBNPHUbBNPHUcCTd2025-06-12eDepósito Legall0oBNPHU PD xxxx R696p2025-8758r2025-08-25te. 2w2025-08-25yLBS1 00102ddc56708DSaBNPHUbBNPHUcCTd2025-06-12eDepósito Legall0oBNPHU DS xxxx R696p2025-8759r2025-08-25te. 3w2025-08-25yLBS1 c59814d59814